Statistics for 中古大姓郡望

Click here to take the quiz!

General Stats

  • This quiz has been taken 12 times
  • The average score is 13 of 22

Answer Stats

HintAnswer% Correct
太原/琅琊
91%
陇西/赵郡
82%
范阳
82%
兰陵
73%
清河/博陵
73%
河东
73%
河东
73%
河东
73%
清河/敦煌/吴郡
73%
吴郡
64%
京兆
64%
京兆
64%
吴郡
64%
陈郡/汝南
64%
吴兴
55%
吴兴
55%
荥阳
45%
司马河内
45%
渤海
36%
渤海
36%
陈留
9%
南阳
0%

Score Distribution

Percentile by Number Answered

Percent of People with Each Score

Your Score History

You have not taken this quiz